Statistics for Countries with the Higest Modal Shares using Rail

Click here to take the quiz!

General Stats

  • This quiz has been taken 10 times
  • The average score is 10 of 12

Answer Stats

% using trainCountryYear of data% Correct
30.5Japan2009
100%
9.6United Kingdom2014
100%
9.5France2012
100%
9.0Germany2012
100%
17.2Switzerland2012
90%
10.1Denmark2012
90%
9.1Sweden2012
90%
8.8Netherlands2012
90%
8.0Belgium2010
90%
11.5Austria2012
70%
8.4Czech Republic2012
70%
10.1Hungary2012
30%

Score Distribution

Percentile by Number Answered

Percent of People with Each Score

Your Score History

You have not taken this quiz